000 00602nam a2200229 i 4500
001 C2-0076989
003 PPAK
005 20180727082423.0
008 970429s1981 enka|||| ||||| | eng d
020 _a0582390303
040 _aPPAK
_beng
_cPPAK
_erda
082 0 4 _a973.70924
_223
090 0 0 _a973.70924
_bKOL
_dG
100 1 _aKolpas, Norman,
_eauthor
245 1 0 _aAbraham Lincoln
264 1 _aLondon :
_bLongman ,
_c1981
300 _a69 pages :
_billustrations ;
_c20 cm
336 _2rdacontent
_atext
337 _2rdamedia
_aunmediated
338 _2rdacarrier
_avolume
942 _ddc
_cB
999 _c12211
_d12211